000 00347nam a2200145Ia 4500
008 151213s9999 xx 000 0 und d
100 _aTony Myers
245 _aUp Gread Your English Easy
_cTony Myers
260 _aLondon
_bArnold
_c2002
300 _a2214 p.
650 _aEnglish
650 _aEnglish
700 _aTony Myers
999 _c1619
_d1619